Library Banner

لغت آزاد (Record no. 75520)

MARC details
000 -LEADER
fixed length control field 00424nam a22001457a 4500
005 - DATE AND TIME OF LATEST TRANSACTION
control field 20150907151739.0
008 - FIXED-LENGTH DATA ELEMENTS--GENERAL INFORMATION
fixed length control field 150907b xxu||||| |||| 00| 0 eng d
040 ## - CATALOGING SOURCE
Transcribing agency PK-LaUMT
082 ## - DEWEY DECIMAL CLASSIFICATION NUMBER
Classification number KHC R 491.43903
Item number HUS-L
100 ## - MAIN ENTRY--PERSONAL NAME
Personal name حسین آزاد، محمد
245 ## - TITLE STATEMENT
Title لغت آزاد
Statement of responsibility, etc محمد حسین آزاد
260 ## - PUBLICATION, DISTRIBUTION, ETC. (IMPRINT)
Place of publication, distribution, etc لاہور
Name of publisher, distributor, etc شعبہ اردو اورینٹل کالج
Date of publication, distribution, etc 1924
300 ## - PHYSICAL DESCRIPTION
Extent 184 ص
942 ## - ADDED ENTRY ELEMENTS (KOHA)
Koha item type Books
Holdings
Withdrawn status Lost status Damaged status Home library Current library Date acquired Full call number Barcode Date last seen Price effective from Koha item type
      UMT Main Campus UMT Main Campus 2015-09-07 KHC R 491.43903 HUS-L 68660 2015-09-07 2015-09-07 Books